World's Columbian Exposition Chicago, U.S.A. 1893 (Record no. 183813)
[ view plain ]
| 000 -LEADER | |
|---|---|
| campo de control de longitud fija | 00622nam a2200145 i 4500 |
| 001 - NÚMERO DE CONTROL | |
| campo de control | 183813 |
| 003 - IDENTIFICADOR DE NÚMERO DE CONTROL | |
| campo de control | ES-MaACL |
| 005 - FECHA Y HORA DE LA ÚLTIMA TRANSACCIÓN | |
| campo de control | 20230906221956.0 |
| 008 - DATOS DE LONGITUD FIJA--INFORMACIÓN GENERAL | |
| campo de control de longitud fija | 141020s1892 xxu |||| | eng d |
| 111 0# - ENTRADA PRINCIPAL--NOMBRE DE CONGRESO/REUNIÓN | |
| Nombre de congreso/reunión o jurisdicción como elemento de entrada | World's Columbian Exposition ( |
| Fecha del congreso o de la firma del tratado | 1893. |
| Sede del congreso/Lugar de la reunión | Chicago) |
| 9 (RLIN) | 135144 |
| 245 10 - MENCIÓN DEL TÍTULO | |
| Título | World's Columbian Exposition Chicago, U.S.A. 1893 |
| Resto del título | : plan and classification department M. : ethnology, archaeology, history, cartography, Latin-american Bureau. collective and isolated exhibits. |
| 260 ## - PUBLICACIÓN, DISTRIBUCIÓN, ETC. | |
| Lugar de publicación, distribución, etc. | Chicago : |
| Nombre del editor, distribuidor, etc. | World's Columbian Exposition, |
| Fecha de publicación, distribución, etc. | 1892. |
| 300 ## - DESCRIPCIÓN FÍSICA | |
| Extensión | 27 p., [1] h. pleg. de map. ; |
| Dimensiones | 23 cm. |
| 852 ## - LOCALIZACIÓN | |
| Ubicación | ES-MaACL |
| Número de control de estantería | T-540-F-3 |
| Estatus retirado | Estado de pérdida | Estado de daño | No para préstamo | Colección | Biblioteca de origen | Biblioteca actual | Ubicación en estantería | Fecha de adquisición | Fuente de adquisición | Total de préstamos | Signatura topográfica completa | Código de barras | Visto por última vez | Precio de reemplazo | Tipo de ítem Koha |
|---|---|---|---|---|---|---|---|---|---|---|---|---|---|---|---|
| Colección de folletos | Biblioteca del Ateneo de Madrid | Biblioteca del Ateneo de Madrid | Depósito folletos | 20/10/2014 | T-540-F-3 | 1193259 | 23/02/2023 | 23/02/2023 | Folleto |
